Застрашената планета (Запис номер 70907)
[ съкратено ]
| 000 -Лидер | |
|---|---|
| Контролно поле с фиксирана дължина | nam a22 a 4500 |
| 003 - Код на организацията, давaща контролен номер | |
| Контролно поле | BLK |
| 005 - Дата и час на последна редакция | |
| Контролно поле | 20221208122940.0 |
| 008 - Елементи от данни с фиксирана дължина | |
| fixed length control field | 180408b bul|||||r ||||||| ||bul|| |
| 010 ## - Наследен системен номер | |
| LC control number | KNG00075270000 |
| 020 ## - Международен стандартен номер на книга ISBN | |
| Международен стандартен номер на книга ISBN | 978-954-308-178-3 |
| 040 ## - Източник на каталожния запис | |
| Идентификатор на билиотеката - собственик на записа | BLK |
| 041 ## - Код за език | |
| Код за езика на текст/звукозапис или на отделно заглавие | Български |
| Код за езика КДБФ | Български |
| 080 ## - УДК | |
| Текстов определител УДК | Природа. Изучаване и опазване на природната среда. Опазване на растителния и животинския свят. Вж и 55/59 |
| УДК код - определител по УДК | 502 |
| УДК определител | (100) |
| УДК - код + определител | 502(100) |
| 080 ## - УДК | |
| Текстов определител УДК | Вредно влияние на човешката дейност върху средата |
| УДК код - определител по УДК | 504.05 |
| УДК - код + определител | 504.05 |
| 100 1# - Редна дума - Автор | |
| Автор | Burnie, David |
| Авторска отговорност | първи автор |
| R(LIN) | 6492 |
| 139 ## - Редно поле | |
| Редна дума | Бърни, Дейвид |
| Авторски знак | Бър - Б 93 |
| 245 10 - Сведения за заглавието | |
| Заглавие | Застрашената планета |
| Редно поле (дума) | * Дейвид Бърни; David Burnie; прев. Михаела Михайлова. |
| 257 ## - Страна на издаване | |
| Страна на създаване/издаване | Великобритания |
| 260 ## - Област на издателските данни | |
| Място на издаване, разпространение и проч. | София |
| Име на издателя, разпространителя и проч. | Прес |
| Година на издаване | 2007 |
| Печатница | Пловдив : Делта+ |
| 300 ## - Физическа характеристика | |
| Страници | 64 с. |
| Илюстрации и др. | с цв. ил. |
| Размери/Мащаб | 29 см |
| 380 ## - Жанр | |
| Жанр | Детска отраслова лит. |
| 490 ## - СЕРИИ (Колекции) | |
| Име на серия | Библиотека Знание |
| №: серия | 22 |
| 9 (RLIN) | 202259 |
| 490 ## - СЕРИИ (Колекции) | |
| Име на серия | Kingfisher |
| 9 (RLIN) | 203602 |
| 500 ## - Общи забележки | |
| Забележка | Ориг. загл. Endangered Planet / David Burnie. - Съдържа и Речник ; Азбучен показалец. - Продължение на поредицата Britannica. |
| 590 ## - Забележки на библиотеката, притежаваща документа (RLIN) | |
| Служебно | Енциклопедия Британика |
| 650 #4 - Допълнително описание по предмет – тема | |
| Основно описание – тема или топоним | Околна среда - опазване |
| 9 (RLIN) | 244652 |
| 650 #4 - Допълнително описание по предмет – тема | |
| Основно описание – тема или топоним | Природа - защита |
| 9 (RLIN) | 244653 |
| 650 #4 - Допълнително описание по предмет – тема | |
| Основно описание – тема или топоним | Земя [планета] - произход и развитие |
| 9 (RLIN) | 257323 |
| 650 #4 - Допълнително описание по предмет – тема | |
| Основно описание – тема или топоним | Околна среда - замърсяване |
| 9 (RLIN) | 260338 |
| 653 ## - Ключова дума – ненормативна | |
| Ключова дума | Земя |
| 653 ## - Ключова дума – ненормативна | |
| Ключова дума | околна среда |
| 653 ## - Ключова дума – ненормативна | |
| Ключова дума | опазване на околната среда |
| 653 ## - Ключова дума – ненормативна | |
| Ключова дума | замърсяване на околната среда |
| 653 ## - Ключова дума – ненормативна | |
| Ключова дума | литература за деца |
| 653 ## - Ключова дума – ненормативна | |
| Ключова дума | детска литература |
| 700 1# - Други автори (авторска отговорност) | |
| Лично име | Бърни, Дейвид |
| Автороска отговорност (Описва отношението между автора и произведението) | * |
| 9 (RLIN) | 371248 |
| 700 1# - Други автори (авторска отговорност) | |
| Лично име | Михайлова, Михаела |
| Автороска отговорност (Описва отношението между автора и произведението) | прев. |
| 9 (RLIN) | 367017 |
| 852 ## - Местоположение | |
| Форматна сигнатура | Цб ІІ 14180 |
| Фондова буква | Хранилище |
| 856 4# - Електронен адрес и достъп | |
| Електронен формат | pdf - файл |
| 856 4# - Електронен адрес и достъп | |
| Електронен формат | pdf - файл |
| 999 ## - СИСТЕМНИ КОНТРОЛНИ НОМЕРА | |
| Koha biblionumber | 70907 |
| Koha biblioitemnumber | 70907 |
| 942 ## - АРТИКУЛИ | |
| Вид на библиотечния материал | Книги |
| Скрит в OPAC | Не |
| Периодичен библиозапис | Да |
| Koha issues (borrowed), all copies | 2 |
| 944 ## - СЪЗДАВАНЕ И РЕДАКЦИЯ на ЗАПИСА | |
| Създаване/Редакция | Създаване |
| Дата на регистрацията/редакция | 28.05.2007 |
| Служител, извършил регистрацията/редакцията | Людмила_Стоянова |
| 944 ## - СЪЗДАВАНЕ И РЕДАКЦИЯ на ЗАПИСА | |
| Създаване/Редакция | Редакция |
| Дата на регистрацията/редакция | 30.11.2007 |
| 999 ## - СИСТЕМНИ КОНТРОЛНИ НОМЕРА | |
| Koha biblioitemnumber | 70907 |
| 999 ## - СИСТЕМНИ КОНТРОЛНИ НОМЕРА | |
| Koha biblioitemnumber | 70907 |
| 999 ## - СИСТЕМНИ КОНТРОЛНИ НОМЕРА | |
| Koha biblioitemnumber | 70907 |
| Код за отписване | Код за изгубен артикул | Код за повреда | Коз за рестрикции | Код за отдаване | Артикулен № | Име на библиотеката - собственик | Име на библиотеката, в която се намира в момента | Статус (Текущо местоположение) | Дата на вписване в системата | Местоположение - отдел | Цена в лева | Инвентарен номер | Систематично азбучна сигнатура | Баркод | Номер на екземпляра | Цена в евро | Служебна бележка | Служебен тип на артикула | Източник на класификационната схема |
|---|---|---|---|---|---|---|---|---|---|---|---|---|---|---|---|---|---|---|---|
| Не е изгубен | Не е повреден | без рестрикции | заемане за дома | 115798 | Регионална библиотека "Любен Каравелов" Русе | Регионална библиотека "Любен Каравелов" Русе | Детски отдел | 2007-05-28 | Детски отдел | 6.00 | 120000713846 | Д 50/Б 93 | 120000713846 | 1 | 3.07 | Дост: Pk Вид: Ф N: 38 Дата: 08.05.2007 Дата инв: 19.08.2015 Бележки инв: Д2015 | Книги | ||
| Не е изгубен | Не е повреден | само за читалня | ползва се в читалня | 115799 | Регионална библиотека "Любен Каравелов" Русе | Регионална библиотека "Любен Каравелов" Русе | Хранилище | 2007-11-22 | Хранилище | 6.00 | 120000720189 | Цб ІІ 14180 | 120000720189 | 2 | 3.07 | Дост: Dp Вид: Д N: 33 Дата: 26.07.2007 | Книги | Universal Decimal Classification | |
| Не е изгубен | Не е повреден | без рестрикции | заемане за дома | 837355 | Регионална библиотека "Любен Каравелов" Русе | Регионална библиотека "Любен Каравелов" Русе | Детски отдел | 2021-06-16 | Детски отдел | 8.00 | 50/Б 93 | 120000856647 | 4.09 | Книги | Universal Decimal Classification |